| 000 | 00993nam a2200301 i 4500 | ||
|---|---|---|---|
| 003 | EG-ScBUE | ||
| 005 | 20250714091132.0 | ||
| 008 | 100324s2010 ii a f b 00010 eeng d | ||
| 020 | _a9788122426786 | ||
| 040 |
_aEG-ScBUE _beng _erda _cEG-ScBUE _dEG-ScBUE |
||
| 082 | 0 | 4 |
_222 _a541.35 _bSIN |
| 100 | 1 |
_913091 _aSingh, Jagdamba, _eauthor. |
|
| 245 | 1 | 0 |
_aPhotochemistry and pericyclic reactions / _cJagdamba Singh, Jaya Singh. |
| 250 | _aThird edition. | ||
| 250 | _aRevised edition. | ||
| 264 | 1 |
_aNew Delhi : _bNew Age International, _c2010. |
|
| 300 |
_a455 pages : _billustrations ; _c24 cm. |
||
| 336 |
_2rdacontent _atext _btxt |
||
| 337 |
_aunmediated _2rdamedia _bn |
||
| 338 |
_avolume _bnc _2rdacarrier |
||
| 490 | 0 | _aNew age | |
| 504 | _aIncludes bibliographical references and index. | ||
| 650 | 7 |
_913096 _aRing formation (Chemistry) _2BUEsh |
|
| 650 | 7 |
_913095 _aPhotochemistry. _2BUEsh |
|
| 655 | _vReading book | ||
| 700 | 1 |
_913097 _aSingh, Jaya, _eauthor. |
|
| 942 |
_2ddc _cBB |
||
| 999 |
_c13774 _d13774 |
||